Recursos naturales en Centroamérica, hoy. Volumen II

محفوظ في:
التفاصيل البيبلوغرافية
مؤلف مشترك: CSUCA. Programa Centroamericano de Desarrollo Científico y Tecnológico
التنسيق: غير معروف
منشور في: San José: CSUCA
الموضوعات:
الوسوم: إضافة وسم
لا توجد وسوم, كن أول من يضع وسما على هذه التسجيلة!

MARC

LEADER 00000 a2200000 04500
001 14786
003
008 991231s d
040
090 |a 017808  
110 |a CSUCA. Programa Centroamericano de Desarrollo Científico y Tecnológico  
245 |a Recursos naturales en Centroamérica, hoy. Volumen II  
260 |a San José:   |b CSUCA  
300 |a 140 p  
650 |a RECURSOS NATURALES  
650 |a ENERGIA  
650 |a ESTILOS DE DESARROLLO  
999 |c 17323  |d 17323